000 00819nmm a2200265 a 4500
001 ocm000782711
003 TR-IsHL
005 20201028140227.0
008 131212s2012 tu tur
007 cr cn
020 _a9786055261153
035 _a782711
_b(N$T)
050 0 4 _aPL248.I85
_bH3 2012
090 0 4 _aPL248.I85
_bH3 2012
100 1 _aIşınsu, Emine
245 1 0 _aHacı Bektaş
_h[electronic resource] /
_cEmine Işınsu
260 _aİstanbul :
_bBilge Kültür Sanat,
_c2012
300 _a207 p.
650 4 _aDil ve Edebiyat
650 4 _aLanguage and Literature
650 0 _aTürk romanı
650 0 _aTurkish fiction
650 7 _aLITERARY COLLECTIONS / Middle Eastern
_2bisacsh
856 4 0 _uhttp://search.ebscohost.com/login.aspx?direct=true&scope=site&db=e011xww&AN=782711
999 _c7174
_d7174